Introdução à topologia algébrica /
Guardado en:
| Autor Principal: | |
|---|---|
| Formato: | Libro |
| Idioma: | Portuguese |
| Publicado: |
[Brasil] :
Conselho Nacional de Pesquisas,
[1957?]
|
| Etiquetas: |
Agregar Etiqueta
Sin Etiquetas, Sea el primero en etiquetar este registro!
|
| LEADER | 00538nam a22001455a 4500 | ||
|---|---|---|---|
| 001 | MAT.inmabb000464 | ||
| 008 | 031211s1957####bl############101#0#por#d | ||
| 005 | 20110304125525.0 | ||
| 245 | 1 | 0 | |a Introdução à topologia algébrica / |c C. B. de Lyra. |
| 260 | |a [Brasil] : |b Conselho Nacional de Pesquisas, |c [1957?] | ||
| 300 | |a ii, 96 h. + 2 h. de errata (sueltas) ; |c cm. | ||
| 500 | |a Primeiro "Coloquium" Brasileiro de Matemática, Julho de 1957. | ||
| 100 | 1 | |a Lyra, Carlos Benjamin de. | |
| 084 | |a 55-01 |2 msc2000 | ||
| 859 | |h 55 |i L992 |p A-244 |b BIB. MATEMATICA | ||
